Ils ont eu 10 dans "L'Équipe" - Football - Statistiques

Statistiques générales
  • Ce quiz a été pris 240 fois
  • Le résultat moyen est 8 sur 18
Statistiques - réponses
Joueur % Correct
Désiré Doué
97%
Kylian Mbappé
92%
Lionel Messi
88%
Erling Haaland
83%
Neymar
79%
Lucas Moura
69%
Ademola Lookman
68%
Robert Lewandowski
63%
Dusan Tadic
49%
Dominik Livakovic
34%
Serge Gnabry
33%
Alban Lafont
32%
Donovan Léon
29%
Carlos Eduardo
12%
Frank Sauzée
3%
Oleg Salenko
2%
Bruno Martini
1%
Lars Windfeld
1%
Aucun quiz correspondant
Distribution des résultats
% des personnes avec chaque résultat
Percentile par nombre de réponses
Votre historique - résultats
Vous n’avez pas pris ce quiz